000 00706cam9a220020500 4500
005 20190814095907.0
008 040517
020 _a088167656X
035 _a(Sirsi) a146905
050 0 _aQP93.5
_bPLA 1991
245 1 0 _aPlasminogen activators :
_bfrom cloning to therapy /
_ceditors: R. Abbate, T. Barni, A. Tsafriri.
260 _aNew York:
_bRaven Press,
_c1991.
350 _a100
440 0 _aSerono Symposia Publications from Raven Press
_6S20669.1
504 _aIncludes bibliographical references and index
650 0 _aPlasminogen activators
_6S88208.1
700 0 0 _aAbbate, R.
_6A117546.1
700 0 0 _aBarni, T.
_6A117547.1
700 0 0 _aTsafriri, A.
_6A117548.1
999 _c31941
_d31941